Die DDR nach Bildern - Statistiken

Allgemein
  • Dieses Quiz wurde 129 mal gespielt
  • Das Durchschnittsergebnis liegt bei 12 aus 18
Antwortstatistiken
Bildquiz Hint Antwort % Korrekt
Auto Trabant 601
95%
Monument Fernsehturm
94%
Geheimpoliziei Stasi
91%
Monument Berliner Mauer
89%
Symbol der DDR Ampelmännchen
87%
Politiker Erich Honecker
86%
Produkt Spreewald Gurken
78%
Politiker Walter Ulbricht
69%
Sängerin Nina Hagen
66%
Ideologie Kommunismus
65%
Land UdSSR
65%
Messe Leipziger Messe
63%
Jugendverband FDJ
60%
Monument Palast der Republik
52%
Film Good Bye, Lenin!
45%
Aufstand Aufstand vom 17. Juni 1953
25%
Turm Jentower
17%
Sportlerin Marita Koch
7%
Keine übereinstimmenden Quizze gefunden
Verteilung der Resultate
Anzahl Personen mit jedem Resultat
Perzentil nach korrekt beantworteten Fragen
Ihre Resultats-Entwicklung
Sie haben dieses Quiz noch nicht gespielt